00791nam a22002057a 4500999001900000005001700019010001500036020002600051035001400077037001300091082001200104100002200116245011800138260004500256270006500301300004500366700002600411942002600437952012200463 c193714d19371420221110121011.0 aENG-135658 a9780199479283c795.00 aEN-119190 bDBAD/PUB a330.954 aRana, Pradumna B. aJumpstarting south asia:brevisiting economic reforms and look east policies/cby Pradumna B. Rana & Wai-Mun Chia aDaryaganjbOxford University Pressc2018 a2/11 Ground Floor, Ansari Road, DaryaganjbNew Delhie110002 axii: 256p.c23cm(hbk)bReference & Index aChia, Wai-MuneAuthor 2ddccENmRANh330.954 001040708NFICaAVbAVd2022-11-10eDBAD/PUBg795.00l0o330.954 RANpEN-119190r2022-11-10 00:00:00t1v795.00yEN